| 000 | 01040nam a22002897a 4500 | ||
|---|---|---|---|
| 001 | BR7904089 | ||
| 003 | BR-BrBNA | ||
| 005 | 20230928090031.0 | ||
| 007 | ta | ||
| 008 | 230509b bl.||||| |||| 00| 0 por d | ||
| 040 |
_aBR-BrBNA _bpor _cBiblioteca Nacional de Agricultura |
||
| 041 | _a(Por) | ||
| 072 |
_aK20 _b3000 _b/G514 |
||
| 090 | _ 3000 BR7904089 | ||
| 100 | 1 | _aCollares, J.E.R. | |
| 110 | 1 |
_aUniversidade Federal do Parana, Curitiba (Brasil). Setor de Ciencias Agrarias _0Tese (Mestre em Ciencias) |
|
| 245 | 1 | _aAvaliacao de dois metodos de amostragem numa floresta tropical do Maranhao e influencia dos processos de mapeamento e determinacao de areas [Brasil] | |
| 260 | 3 |
_aCuritiba, PR (Brasil): _c1979. |
|
| 300 | _a112 p. | ||
| 500 | _aSummaries (Eng, Por). (*) Documento disponível na(o) UFPR, Curitiba, PR (Brazil). Biblioteca Central | ||
| 650 | _aInventario florestal | ||
| 650 | _aDendrometria | ||
| 650 | _aFotointerpretacao | ||
| 650 | _aMaranhao | ||
| 909 |
_a202309 _bLucia _c55 _dLucia Elande |
||
| 942 | _cBK | ||
| 999 |
_c27523 _d27523 |
||